01360cam a2200349 a 450000100090000000300170000900500170002600800410004301000170008401500150010102000210011602000210013703500230015804000280018104200140020905000210022310000190024424501030026326000510036630000320041744000310044950400660048065100490054665100490059565100520064465100520069665100520074865100490080065100480084965100450089785600680094212510867ALUPE UNIVERSITY20210610121432.0010822s2001 enkb b 001 0 eng  a 2001272728 aGBA0-X0843 a0582062969 (ppr) a0582062977 (csd) a(OCoLC)ocm44604615 aUKMcUKMdEMUdC#PdDLC alccopycat00aDA 66b.L46 20011 aLenman, Bruce.10aEngland's colonial wars, 1550-1688 :bconflicts, empire, and national identity /cBruce P. Lenman. aHarlow, England ;aNew York :bLongman,c2001. ax, 310 p. :bmaps ;c24 cm. 0aModern wars in perspective aIncludes bibliographical references (p. [294]-298) and index. 0aGreat BritainxHistory, Militaryy1485-1603. 0aGreat BritainxHistory, Militaryy1603-1714. 0aGreat BritainxColoniesxHistoryy16th century. 0aGreat BritainxColoniesxHistoryy17th century. 0aGreat BritainxForeign relationsy16th century. 0aGreat BritainxForeign relationsy1603-1688. 0aGreat BritainxColoniesxHistory, Military. 0aGreat BritainxColoniesxAdministration.423Book review (H-Net)uhttp://www.h-net.org/review/hrev-a0b9y6-aa